000 00878nam a22002057a 4500
005 20240530110417.0
008 150308s2011 ua g 000 0 ara d
040 _aEG-CaGPL
082 0 4 _221
_a526.0221\
_bف أ
100 0 _aفايز محمد العيسوى
245 1 0 _aاستخدام الحاسب الالى و نظم المعلومات الجغرافية باستخدام الحاسب الالى فى التمثيل البيانى و الخرائط /
_cفايز محمد العيسوى ، مجدى محمد على
260 _aالاسكندرية :
_bدار المعرفة الجامعية ،
_c2011
300 _a211 ص ؛
_c24 سم
650 0 4 _aالخرائط
650 0 4 _aمقياس الرسم
650 0 4 _aالرسم الطبوغرافى
650 0 4 _aالرسم البيانى
700 0 _aمجدى محمد على
_eمؤلف مشارك
942 _2ddc
_cBK
999 _c60581
_d60581